[Event "New Zealand Open Ch'p 2015"]
[Site "Devonport, Auckland"]
[Date "2015.01.06"]
[Round "6.5"]
[White "Stojic, Dusan"]
[Black "Garbett, Paul A"]
[Result "0-1"]
[WhiteElo "2123"]
[BlackElo "2264"]
[PlyCount "72"]
[EventDate "2015.01.01"]
[EventType "swiss"]
[EventRounds "9"]
[SourceDate "2015.01.01"]

1. e4 c5 2. Nf3 e6 3. d4 cxd4 4. Nxd4 Nc6 5. Nc3 Qc7 6. Be2 a6 7. O-O Nf6 8.
Kh1 Be7 9. f4 d6 10. Be3 O-O 11. Qe1 d5 12. e5 Ne8 13. Na4 Bd7 14. Nxc6 Bxc6
15. Bb6 Qc8 16. Nc3 f5 17. exf6 Nxf6 18. Bd3 Bd6 19. Bd4 Qe8 20. Qh4 Qf7 21.
Rf3 g6 22. Rh3 Ne4 23. Rf1 Be7 24. Qe1 Bf6 25. Nxe4 dxe4 26. Bxf6 exd3 27. Bc3
Qf5 28. Qh4 Rf7 29. Rxd3 Raf8 30. Rd8 e5 31. Bb4 Qe4 32. Rxf8+ Rxf8 33. Qh3
Qxb4 34. Qe6+ Rf7 35. Qxe5 Qe4 36. Qg5 Qxc2 0-1

[Event "New Zealand Open Ch'p 2015"]
[Site "Devonport, Auckland"]
[Date "2015.01.06"]
[Round "6.6"]
[White "Gao, Hans"]
[Black "Eade, Don G"]
[Result "1-0"]
[WhiteElo "2116"]
[BlackElo "1858"]
[PlyCount "43"]
[EventDate "2015.01.01"]
[EventType "swiss"]
[EventRounds "9"]
[SourceDate "2015.01.01"]

1. e4 e5 2. Bc4 Nf6 3. d3 c6 4. Nf3 d5 5. Bb3 Bg4 6. h3 Bxf3 7. Qxf3 h6 8. exd5
cxd5 9. Nc3 Be7 10. Nxd5 Nc6 11. Be3 O-O 12. Nxe7+ Qxe7 13. O-O a6 14. Rfe1 Na5
15. Bd4 Nxb3 16. axb3 Qc7 17. Bxe5 Qxc2 18. Bxf6 gxf6 19. Ra4 Qxb2 20. Rg4+ Kh7
21. Qf5+ Kh8 22. d4 1-0

[Event "New Zealand Open Ch'p 2015"]
[Site "Devonport, Auckland"]
[Date "2015.01.06"]
[Round "6.7"]
[White "Ang, Alphaeus Wei Ern"]
[Black "Rasmussen, Allan Stig"]
[Result "0-1"]
[WhiteElo "2009"]
[BlackElo "2526"]
[PlyCount "108"]
[EventDate "2015.01.01"]
[EventType "swiss"]
[EventRounds "9"]
[SourceDate "2015.01.01"]

1. d4 d5 2. c4 dxc4 3. Nc3 Nf6 4. e3 e6 5. Bxc4 a6 6. Nf3 b5 7. Bd3 Bb7 8. O-O
c5 9. Qe2 Nbd7 10. Rd1 Qc7 11. e4 cxd4 12. Nxd4 Bc5 13. Nb3 Bd6 14. g3 b4 15.
Nb1 h5 16. Bg5 h4 17. Bxh4 Rxh4 18. gxh4 Bxh2+ 19. Kf1 Qf4 20. N1d2 Qxh4 21.
Nf3 Qh3+ 22. Ke1 Bf4 23. Nbd2 Nc5 24. Rac1 Qh1+ 25. Nf1 Nxd3+ 26. Qxd3 Bxe4 27.
Qc4 Bxc1 28. Ne5 Bxb2 29. Qc7 Bc3+ 30. Rd2 Bxd2+ 31. Kxd2 Rd8+ 32. Ke1 Rd1+ 33.
Kxd1 Qxf1+ 34. Kd2 Qxf2+ 35. Kd1 Qd4+ 36. Ke2 Qb2+ 37. Kd1 Qb1+ 38. Kd2 Qxa2+
39. Kd1 Qb3+ 40. Kd2 Qc3+ 41. Qxc3 bxc3+ 42. Kxc3 g5 43. Kd4 g4 44. Nxg4 Nxg4
45. Kxe4 f5+ 46. Kf4 a5 47. Kg5 a4 48. Kg6 a3 49. Kg7 a2 50. Kg8 a1=Q 51. Kh7
Qh1+ 52. Kg8 f4 53. Kg7 Qh6+ 54. Kg8 Nf6# 0-1

[Event "New Zealand Open Ch'p 2015"]
[Site "Devonport, Auckland"]
[Date "2015.01.06"]
[Round "6.8"]
[White "Louie, Jared"]
[Black "Van Riemsdijk, Herman C"]
[Result "0-1"]
[WhiteElo "1783"]
[BlackElo "2356"]
[PlyCount "76"]
[EventDate "2015.01.01"]
[EventType "swiss"]
[EventRounds "9"]
[SourceDate "2015.01.01"]

1. d4 c5 2. d5 Nf6 3. c4 b5 4. cxb5 a6 5. b6 g6 6. Nc3 Bg7 7. Nf3 O-O 8. e4 d6
9. Be2 Qxb6 10. O-O a5 11. Nd2 Ba6 12. Bxa6 Qxa6 13. a4 Nfd7 14. Nb5 Qb7 15.
Nc4 Nb6 16. Nxb6 Qxb6 17. Qe2 Na6 18. Bf4 Nc7 19. Nxc7 Qxc7 20. Rab1 Bd4 21.
Be3 Bxe3 22. Qxe3 Rab8 23. b3 Rb4 24. Rfc1 Qb7 25. e5 Qxd5 26. exd6 exd6 27.
Qe7 Rfb8 28. Re1 Kg7 29. Rbd1 Rd4 30. Rxd4 cxd4 31. f4 d3 32. f5 Qc5+ 33. Kh1
Qxf5 34. Qxd6 Rxb3 35. Qd4+ Qf6 36. Qc4 Qc3 37. Qxc3+ Rxc3 38. Rd1 d2 0-1

[Event "New Zealand Open Ch'p 2015"]
[Site "Devonport, Auckland"]
[Date "2015.01.06"]
[Round "6.9"]
[White "Hague, Ben"]
[Black "Le Roy, Brice"]
[Result "1-0"]
[WhiteElo "2317"]
[BlackElo "2290"]
[PlyCount "39"]
[EventDate "2015.01.01"]
[EventType "swiss"]
[EventRounds "9"]
[SourceDate "2015.01.01"]

1. e4 c5 2. Nf3 e6 3. d4 cxd4 4. Nxd4 a6 5. Nc3 Qc7 6. Be3 Nf6 7. Bd3 Bb4 8.
O-O Bxc3 9. bxc3 d6 10. Qf3 Nbd7 11. Qg3 h5 12. Rad1 h4 13. Qxg7 Rh7 14. Qg5 h3
15. e5 hxg2 16. Rfe1 Nxe5 17. Bxh7 Nxh7 18. Qg8+ Nf8 19. Bh6 Neg6 20. Nf5 1-0

[Event "New Zealand Open Ch'p 2015"]
[Site "Devonport, Auckland"]
[Date "2015.01.06"]
[Round "6.10"]
[White "Schmitz, Andreas Arnold"]
[Black "Teh, Eu Wen Aron"]
[Result "1/2-1/2"]
[WhiteElo "2066"]
[BlackElo "2300"]
[PlyCount "109"]
[EventDate "2015.01.01"]
[EventType "swiss"]
[EventRounds "9"]
[SourceDate "2015.01.01"]

1. e4 e5 2. Nc3 Nf6 3. Bc4 Bc5 4. d3 Nc6 5. Bg5 h6 6. Bh4 g5 7. Bg3 d6 8. h4 g4
9. h5 Nh7 10. Bh4 Ng5 11. Qd2 Na5 12. f4 gxf3 13. Nxf3 Nxc4 14. dxc4 f6 15. Nh2
Be6 16. Qe2 Bb4 17. Kd2 Qd7 18. Bxg5 fxg5 19. a3 Bxc3+ 20. Kxc3 O-O 21. Rhf1
Kg7 22. b3 a6 23. Rad1 Rxf1 24. Rxf1 Rf8 25. Rxf8 Kxf8 26. Qf3+ Kg7 27. g4 b5
28. cxb5 axb5 29. Kd2 c5 30. Ke2 c4 31. bxc4 Bxc4+ 32. Kf2 d5 33. exd5 Bxd5 34.
Qc3 Qf7+ 35. Ke1 Qf4 36. Nf1 Kf6 37. Ne3 Be6 38. Qc5 Kg7 39. Qe7+ Qf7 40. Nf5+
Bxf5 41. Qxe5+ Qf6 42. Qc7+ Qf7 43. Qe5+ Qf6 44. Qc7+ Kg8 45. gxf5 Qxf5 46.
Qb8+ Kf7 47. Qc7+ Kf6 48. Qd8+ Ke5 49. Qh8+ Kf4 50. Qxh6 Qe4+ 51. Kd1 Qd4+ 52.
Kc1 Qa1+ 53. Kd2 Qd4+ 54. Kc1 Qa1+ 55. Kd2 1/2-1/2

[Event "New Zealand Open Ch'p 2015"]
[Site "Devonport, Auckland"]
[Date "2015.01.06"]
[Round "6.12"]
[White "Zulfic, Fedja"]
[Black "Croad, Nicholas"]
[Result "0-1"]
[WhiteElo "2114"]
[BlackElo "2254"]
[PlyCount "50"]
[EventDate "2015.01.01"]
[EventType "swiss"]
[EventRounds "9"]
[SourceDate "2015.01.01"]

1. d4 Nf6 2. c4 e6 3. Nc3 Bb4 4. f3 O-O 5. e4 d5 6. e5 Nfd7 7. a3 Bxc3+ 8. bxc3
dxc4 9. Nh3 h6 10. a4 c5 11. Bxc4 Nxe5 12. Ba2 cxd4 13. cxd4 Nec6 14. Be3 e5
15. d5 Nd4 16. Bxd4 exd4 17. Nf4 Re8+ 18. Kf2 Bf5 19. Qxd4 Nc6 20. Qb2 Ne5 21.
Rad1 Qf6 22. Rd2 g5 23. Qd4 gxf4 24. Qxf4 Qb6+ 25. Qd4 Nd3+ 0-1

[Event "New Zealand Open Ch'p 2015"]
[Site "Devonport, Auckland"]
[Date "2015.01.06"]
[Round "6.13"]
[White "Rains, Edward"]
[Black "Smith, Robert W"]
[Result "1/2-1/2"]
[WhiteElo "1973"]
[BlackElo "2233"]
[PlyCount "84"]
[EventDate "2015.01.01"]
[EventType "swiss"]
[EventRounds "9"]
[SourceDate "2015.01.01"]

1. e4 c5 2. Nc3 e6 3. f4 a6 4. Nf3 Nc6 5. d3 d5 6. g3 Be7 7. e5 Nh6 8. Bh3 Nf5
9. O-O g6 10. Kh1 b5 11. g4 Nfd4 12. Nxd4 Nxd4 13. Ne2 Nxe2 14. Qxe2 h5 15. g5
Bb7 16. Bg2 Qb6 17. b3 d4 18. a4 O-O 19. Bd2 Rfc8 20. Rfb1 Bc6 21. Bxc6 Qxc6+
22. Qg2 Qxg2+ 23. Kxg2 c4 24. bxc4 bxc4 25. Rb7 Bf8 26. Rab1 cxd3 27. cxd3 Rc2
28. R1b2 Rac8 29. Kf3 Ba3 30. Rxc2 Rxc2 31. Rb8+ Kg7 32. Ba5 Be7 33. Rb7 Bf8
34. Bd8 Kg8 35. Rb8 Bg7 36. h4 Rh2 37. Kg3 Ra2 38. Bb6+ Kh7 39. a5 Ra3 40. Rb7
Rxd3+ 41. Kg2 Rd2+ 42. Kf3 Kg8 1/2-1/2

[Event "New Zealand Open Ch'p 2015"]
[Site "Devonport, Auckland"]
[Date "2015.01.06"]
[Round "6.14"]
[White "Zelesco, Karl"]
[Black "McNabb, Matthew D"]
[Result "1-0"]
[WhiteElo "2210"]
[BlackElo "2069"]
[PlyCount "71"]
[EventDate "2015.01.01"]
[EventType "swiss"]
[EventRounds "9"]
[SourceDate "2015.01.01"]

1. d4 Nf6 2. c4 g6 3. Nc3 Bg7 4. e4 d6 5. Be2 O-O 6. Bg5 Na6 7. f4 Qe8 8. e5
Nd7 9. Nf3 dxe5 10. fxe5 c5 11. O-O cxd4 12. Qxd4 Nac5 13. Nd5 Ne6 14. Qe3 Nxg5
15. Nxg5 Bxe5 16. Qh3 h5 17. Bxh5 Kg7 18. Be2 Rh8 19. Rxf7+ Qxf7 20. Qxh8+ Kxh8
21. Nxf7+ Kg7 22. Nxe5 Nxe5 23. Re1 e6 24. Bf1 exd5 25. Rxe5 dxc4 26. Bxc4 Kf8
27. Bd3 Kf7 28. Bc4+ Kf8 29. Bd3 Kf7 30. Be4 Rb8 31. Bd5+ Kf8 32. Be4 Kf7 33.
b3 Bf5 34. Bxf5 Kf6 35. Ra5 gxf5 36. Rxa7 1-0

[Event "New Zealand Open Ch'p 2015"]
[Site "Devonport, Auckland"]
[Date "2015.01.06"]
[Round "6.15"]
[White "Reilly, Tim"]
[Black "Opasiak, Dustin Tennessee"]
[Result "1-0"]
[WhiteElo "2238"]
[BlackElo "1729"]
[PlyCount "31"]
[EventDate "2015.01.01"]
[EventType "swiss"]
[EventRounds "9"]
[SourceDate "2015.01.01"]

1. d4 Nf6 2. c4 c5 3. d5 e5 4. Nc3 d6 5. e4 Be7 6. h3 O-O 7. Bd3 Ne8 8. Nf3 Nd7
9. Be3 g6 10. g4 Ndf6 11. Bh6 Ng7 12. Qd2 Kh8 13. O-O-O Ng8 14. Rdg1 Bh4 15.
Nxh4 Qxh4 16. Bg5 1-0

[Event "New Zealand Open Ch'p 2015"]
[Site "Devonport, Auckland"]
[Date "2015.01.06"]
[Round "6.16"]
[White "Seabrook, Roy"]
[Black "Morrell, Gordon"]
[Result "1/2-1/2"]
[WhiteElo "1839"]
[BlackElo "2147"]
[PlyCount "64"]
[EventDate "2015.01.01"]
[EventType "swiss"]
[EventRounds "9"]
[SourceDate "2015.01.01"]

1. e4 e6 2. d4 d5 3. Nc3 Nc6 4. Nf3 Nf6 5. Bg5 Be7 6. e5 Ne4 7. Bxe7 Qxe7 8. a3
Bd7 9. Bd3 Ng5 10. Be2 Nxf3+ 11. Bxf3 f6 12. Bxd5 fxe5 13. Bxc6 Bxc6 14. Qh5+
Qf7 15. Qxe5 O-O 16. f3 Qg6 17. O-O-O Rf5 18. Qe3 Qxg2 19. Qxe6+ Rf7 20. Rdg1
Qxf3 21. Rf1 Qh5 22. Rhg1 Re8 23. Qc4 Rd8 24. Rxf7 Qxf7 25. d5 Bxd5 26. Qd4 b6
27. Nxd5 Rxd5 28. Rxg7+ Qxg7 29. Qxd5+ Qf7 30. Qg5+ Kf8 31. Qe5 Qg7 32. Qe3 Qf6
1/2-1/2

[Event "New Zealand Open Ch'p 2015"]
[Site "Devonport, Auckland"]
[Date "2015.01.06"]
[Round "6.17"]
[White "Dowden, R Anthony"]
[Black "Mukkattu, Philip"]
[Result "1-0"]
[WhiteElo "2108"]
[BlackElo "1743"]
[PlyCount "83"]
[EventDate "2015.01.01"]
[EventType "swiss"]
[EventRounds "9"]
[SourceDate "2015.01.01"]

1. c4 d5 2. cxd5 Qxd5 3. Nf3 Nf6 4. Nc3 Qa5 5. g3 c6 6. Bg2 Bf5 7. d3 Nd5 8.
Bd2 Nxc3 9. Bxc3 Qd8 10. Qb3 Qc8 11. Nd4 Bd7 12. O-O e5 13. Nf3 Be6 14. Qc2 f6
15. d4 exd4 16. Nxd4 Na6 17. b4 Nc7 18. a4 Bh3 19. Be4 Nd5 20. Rfc1 Nxc3 21.
Qxc3 f5 22. Bf3 Be7 23. Qe3 Qd7 24. Nxc6 Rc8 25. Nxe7 Rxc1+ 26. Rxc1 Kf7 27.
Nd5 Re8 28. Rc7 Qxc7 29. Qxe8+ Kxe8 30. Nxc7+ Kd7 31. Nb5 a6 32. Nd4 b6 33. Bb7
a5 34. bxa5 bxa5 35. f4 g6 36. Kf2 h6 37. Nb5 g5 38. Bf3 gxf4 39. gxf4 Bg4 40.
Bxg4 fxg4 41. e4 h5 42. Kg3 1-0

[Event "New Zealand Open Ch'p 2015"]
[Site "Devonport, Auckland"]
[Date "2015.01.06"]
[Round "6.18"]
[White "Lauterbach, Ingrid"]
[Black "Zhang, Leo"]
[Result "1-0"]
[WhiteElo "2089"]
[BlackElo "1908"]
[PlyCount "147"]
[EventDate "2015.01.01"]
[EventType "swiss"]
[EventRounds "9"]
[SourceDate "2015.01.01"]

1. Nf3 Nf6 2. g3 g6 3. Bg2 d5 4. d3 Bg7 5. O-O O-O 6. Nbd2 d4 7. e4 dxe3 8.
fxe3 c5 9. e4 Nc6 10. Nc4 b5 11. Ne3 Bb7 12. c3 Qb6 13. e5 Nd7 14. Nd5 Qd8 15.
e6 Nb6 16. exf7+ Rxf7 17. Nf4 e5 18. Ne6 Qe7 19. Neg5 Rff8 20. Ne4 Nd8 21. Bg5
Qc7 22. Qe2 c4 23. Nfd2 Ne6 24. Be3 Rad8 25. dxc4 bxc4 26. Rxf8+ Rxf8 27. Rf1
Bd5 28. Rxf8+ Nxf8 29. Qf2 Nfd7 30. Ng5 Qc6 31. Bxd5+ Qxd5 32. Qf3 Bf6 33. Nge4
Bg7 34. Kf2 Qa5 35. Nd6 Nf6 36. N6xc4 Qxa2 37. Bxb6 axb6 38. Qc6 b5 39. Qxb5
Ng4+ 40. Kf3 Nf6 41. Nxe5 Qe6 42. Nd3 h5 43. Qc4 Nd5 44. Qe4 Qf7+ 45. Kg2 Bxc3
46. bxc3 Nxc3 47. Qa8+ Kg7 48. Ne5 Qc7 49. Ndf3 Nd1 50. Qe4 Qb6 51. Qd4 Ne3+
52. Kf2 Qxd4 53. Nxd4 Nd5 54. Kf3 Kf6 55. Nd7+ Ke7 56. Nc5 Nf6 57. Ne4 Nd5 58.
Ng5 Kf6 59. h4 Kg7 60. Ke4 Nf6+ 61. Kf4 Ng4 62. Ne4 Nh6 63. Nf3 Nf5 64. Ne5 Kh6
65. Nf7+ Kg7 66. Nfg5 Ne7 67. Ke5 Nc6+ 68. Kd6 Nb4 69. Ke6 Nc2 70. Ke7 Ne3 71.
Ne6+ Kh6 72. Kf7 Nf5 73. Nf8 Nd4 74. Nf6 1-0

[Event "New Zealand Open Ch'p 2015"]
[Site "Devonport, Auckland"]
[Date "2015.01.06"]
[Round "6.19"]
[White "Duneas, John"]
[Black "Milligan, Helen"]
[Result "1-0"]
[WhiteElo "2054"]
[BlackElo "1968"]
[PlyCount "91"]
[EventDate "2015.01.01"]
[EventType "swiss"]
[EventRounds "9"]
[SourceDate "2015.01.01"]

1. d4 Nf6 2. c4 g6 3. Nc3 Bg7 4. e4 d6 5. Be2 O-O 6. f4 c5 7. d5 e6 8. Nf3 exd5
9. cxd5 Bg4 10. O-O Re8 11. h3 Bxf3 12. Bxf3 Nbd7 13. Qc2 Qa5 14. a4 a6 15. Bd2
Qc7 16. a5 Rac8 17. Na4 Re7 18. Qc4 Ne8 19. Bc3 Qd8 20. Bg4 Rb8 21. Rfe1 Ndf6
22. Bf3 Nd7 23. Re2 Nc7 24. e5 Nb5 25. Rae1 Qf8 26. Nb6 Nxb6 27. axb6 Rbe8 28.
b3 Nxc3 29. Qxc3 h5 30. Qc4 Kh7 31. b4 Rc8 32. Re4 Qd8 33. exd6 Rxe4 34. Qxe4
Qxd6 35. bxc5 Rxc5 36. Qe7 Qxb6 37. Kh1 Rc8 38. Qxf7 Rf8 39. Qe7 Rxf4 40. d6
Rd4 41. Re6 Qb1+ 42. Kh2 Qf5 43. d7 Qf4+ 44. Kh1 Qc1+ 45. Re1 Qc7 46. Rd1 1-0

[Event "New Zealand Open Ch'p 2015"]
[Site "Devonport, Auckland"]
[Date "2015.01.06"]
[Round "6.20"]
[White "D'arcy, Michael"]
[Black "Krstev, Antonio"]
[Result "0-1"]
[WhiteElo "1916"]
[BlackElo "2012"]
[PlyCount "56"]
[EventDate "2015.01.01"]
[EventType "swiss"]
[EventRounds "9"]
[SourceDate "2015.01.01"]

1. e4 d6 2. d4 Nf6 3. Nc3 g6 4. Be3 Bg7 5. f3 O-O 6. Qd2 e5 7. Nge2 exd4 8.
Nxd4 Nc6 9. O-O-O Qe7 10. h4 Nxd4 11. Bxd4 a6 12. h5 Be6 13. hxg6 fxg6 14. Nd5
Bxd5 15. exd5 c5 16. Re1 Qf7 17. Be3 Rfe8 18. g4 b5 19. c4 Rab8 20. Bf2 Rxe1+
21. Bxe1 bxc4 22. Bxc4 Nd7 23. Qe2 Bxb2+ 24. Kc2 Ne5 25. Bd2 Nxf3 26. Be3 Bd4
27. Qd3 Ne5 28. Rf1 Nxd3 0-1

[Event "New Zealand Open Ch'p 2015"]
[Site "Devonport, Auckland"]
[Date "2015.01.06"]
[Round "6.21"]
[White "Turner, Justin"]
[Black "Fuatai, Fuatai"]
[Result "0-1"]
[WhiteElo "1434"]
[BlackElo "2004"]
[PlyCount "54"]
[EventDate "2015.01.01"]
[EventType "swiss"]
[EventRounds "9"]
[SourceDate "2015.01.01"]

1. e4 e5 2. Nf3 Nc6 3. Bc4 Nf6 4. Ng5 Bc5 5. Bxf7+ Ke7 6. Bd5 d6 7. h3 Rf8 8.
f4 Nxd5 9. exd5 Nb4 10. d4 Bb6 11. Ne6 Bxe6 12. dxe6 exd4 13. f5 Rxf5 14. Qg4
Qf8 15. Bg5+ Kxe6 16. Kd1 h5 17. Re1+ Kd7 18. Re7+ Qxe7 19. Qxf5+ Qe6 20. Qb5+
Nc6 21. Qf1 Re8 22. Nd2 Nb4 23. a4 Nd5 24. Ra3 Ne3+ 25. Bxe3 dxe3 26. Ne4 Qxe4
27. Qf7+ Re7 0-1

[Event "New Zealand Open Ch'p 2015"]
[Site "Devonport, Auckland"]
[Date "2015.01.06"]
[Round "6.22"]
[White "Lim, Benjamin U"]
[Black "Zhu, Leo Lei"]
[Result "0-1"]
[WhiteElo "1996"]
[BlackElo "1978"]
[PlyCount "114"]
[EventDate "2015.01.01"]
[EventType "swiss"]
[EventRounds "9"]
[SourceDate "2015.01.01"]

1. e4 c5 2. Nf3 e6 3. d3 Nc6 4. g3 Qc7 5. Bg2 Nf6 6. O-O Be7 7. Re1 d6 8. c3
O-O 9. d4 cxd4 10. cxd4 a6 11. Nc3 b5 12. Bg5 h6 13. Bxf6 Bxf6 14. e5 dxe5 15.
Nxe5 Bb7 16. Rc1 Bxe5 17. dxe5 Rfd8 18. Qh5 Qe7 19. Nxb5 axb5 20. Bxc6 Bxc6 21.
Rxc6 Rxa2 22. Qe2 Qb4 23. Rc2 Ra7 24. Rd1 Rad7 25. Rxd7 Rxd7 26. Rc8+ Kh7 27.
Qc2+ g6 28. Qe2 Qb3 29. Rc2 Qd5 30. f3 Qd4+ 31. Kg2 Rd5 32. f4 g5 33. Qf2 Qe4+
34. Kh3 Qf5+ 35. Kg2 Qe4+ 36. Kh3 Qf5+ 37. Kg2 gxf4 38. Re2 Rxe5 39. Rxe5 Qxe5
40. gxf4 Qe4+ 41. Kf1 b4 42. Kg1 b3 43. Qd2 Kg6 44. h3 Qb1+ 45. Kf2 Qc2 46. Ke3
Qxd2+ 47. Kxd2 Kf5 48. Ke3 e5 49. fxe5 Kxe5 50. Kd3 f5 51. Ke3 f4+ 52. Kd3 Kd5
53. h4 h5 54. Kc3 f3 55. Kd3 f2 56. Ke2 Kd4 57. Kxf2 Kd3 0-1

[Event "New Zealand Open Ch'p 2015"]
[Site "Devonport, Auckland"]
[Date "2015.01.06"]
[Round "6.23"]
[White "Jule, Alexandra"]
[Black "Carpinter, Bernard A"]
[Result "1/2-1/2"]
[WhiteElo "1939"]
[BlackElo "1873"]
[PlyCount "40"]
[EventDate "2015.01.01"]
[EventType "swiss"]
[EventRounds "9"]
[SourceDate "2015.01.01"]

1. d4 Nf6 2. Nf3 e6 3. e3 c5 4. Bd3 b6 5. Nbd2 Bb7 6. c4 cxd4 7. exd4 d5 8. b3
Nc6 9. Bb2 Rc8 10. O-O Nb4 11. Be2 Be7 12. a3 Nc6 13. Rc1 O-O 14. Ne5 dxc4 15.
Ndxc4 Nd5 16. Bf3 Bg5 17. Rc2 b5 18. Nxc6 Rxc6 19. Ne5 Rxc2 20. Qxc2 Qc8
1/2-1/2

[Event "New Zealand Open Ch'p 2015"]
[Site "Devonport, Auckland"]
[Date "2015.01.06"]
[Round "6.24"]
[White "Timergazi, Layla"]
[Black "Gong, Daniel Hanwen"]
[Result "1-0"]
[WhiteElo "1932"]
[BlackElo "1870"]
[PlyCount "101"]
[EventDate "2015.01.01"]
[EventType "swiss"]
[EventRounds "9"]
[SourceDate "2015.01.01"]

1. d4 Nf6 2. c4 g6 3. Nc3 Bg7 4. e4 d6 5. h3 O-O 6. Bg5 c5 7. d5 h6 8. Be3 e5
9. Bd3 Na6 10. a3 Nc7 11. Nge2 a6 12. Qd2 Kh7 13. b4 b6 14. g4 Ng8 15. Rb1 Bd7
16. Kd1 Qc8 17. Ng3 Ne7 18. Kc2 a5 19. bxc5 bxc5 20. Rhg1 Rb8 21. Rxb8 Qxb8 22.
f4 Ng8 23. f5 a4 24. Rb1 Qa7 25. Kc1 Rb8 26. Rxb8 Qxb8 27. Bc2 Qa8 28. h4 Qa6
29. Bd3 gxf5 30. exf5 f6 31. g5 Qb7 32. Bc2 Qa6 33. Qe2 Be8 34. Nge4 Bh8 35.
g6+ Kg7 36. Ng3 Kf8 37. Nh5 Bg7 38. Ne4 Nxd5 39. Bxc5 Nc3 40. Nxc3 dxc5 41. Qd3
Qa7 42. Ne4 Qb6 43. Qd5 Ne7 44. Qxc5 Qb7 45. Qd6 Qd7 46. Nxg7 Kxg7 47. Qxf6+
Kg8 48. g7 Bf7 49. Qxh6 Bg6 50. Qh8+ Kf7 51. Qf8# 1-0

[Event "New Zealand Open Ch'p 2015"]
[Site "Devonport, Auckland"]
[Date "2015.01.06"]
[Round "6.25"]
[White "Zhu, Karl Kai"]
[Black "Forster, William F"]
[Result "1-0"]
[WhiteElo "1689"]
[BlackElo "1999"]
[PlyCount "69"]
[EventDate "2015.01.01"]
[EventType "swiss"]
[EventRounds "9"]
[SourceDate "2015.01.01"]

1. e4 d6 2. d4 Nf6 3. Nc3 c6 4. Nf3 Bg4 5. h3 Bh5 6. Qe2 e6 7. g4 Bg6 8. h4 h5
9. g5 Nfd7 10. Bh3 Na6 11. Be3 Qa5 12. Nd2 d5 13. exd5 cxd5 14. Nb3 Qc7 15. f4
O-O-O 16. f5 Bxf5 17. Bxf5 exf5 18. O-O-O Nb6 19. Qf3 Kb8 20. Qxf5 Ka8 21. Rhf1
Rd7 22. Kb1 Qc6 23. Na5 Qc8 24. Nb5 Bb4 25. Nb3 Re8 26. Bf4 g6 27. Qd3 Re4 28.
c3 Bf8 29. Nd2 Re6 30. Nf3 Bg7 31. Be5 Bh8 32. Bxh8 Qxh8 33. Ne5 Rde7 34. Nxf7
Nc4 35. Nxh8 1-0

[Event "New Zealand Open Ch'p 2015"]
[Site "Devonport, Auckland"]
[Date "2015.01.06"]
[Round "6.26"]
[White "Goodhue, Nathan"]
[Black "Zhang, Jasmine"]
[Result "1-0"]
[WhiteElo "2020"]
[BlackElo "1594"]
[PlyCount "143"]
[EventDate "2015.01.01"]
[EventType "swiss"]
[EventRounds "9"]
[SourceDate "2015.01.01"]

1. b4 d5 2. Bb2 Bf5 3. d3 e6 4. a3 c6 5. g3 Nd7 6. Bg2 Ngf6 7. Nd2 h6 8. e4 Bh7
9. e5 Ng8 10. d4 g5 11. Nf1 Bg7 12. Ne3 f6 13. Qh5+ Kf8 14. exf6 Ngxf6 15. Qe2
Kf7 16. Nf3 Rf8 17. O-O Kg8 18. Bh3 Qe7 19. Ng4 Nxg4 20. Bxg4 Rae8 21. Bh5 Rd8
22. Ne5 Nxe5 23. dxe5 Qc7 24. Bg4 Rde8 25. Rac1 Be4 26. f3 Bf5 27. Qe3 Bxg4 28.
fxg4 a6 29. Bd4 Rxf1+ 30. Rxf1 Rf8 31. Rxf8+ Kxf8 32. Bc5+ Kg8 33. Bd6 Qf7 34.
Qd3 Bf8 35. c4 Kg7 36. Bxf8+ Kxf8 37. cxd5 cxd5 38. Qc3 Qd7 39. Qc5+ Kg7 40.
Kf2 Kf7 41. Ke1 Qe7 42. Qc8 Kg7 43. Kd1 Qf7 44. Ke2 Kh7 45. a4 Kg7 46. b5 axb5
47. axb5 Kg6 48. b6 Kg7 49. Qd8 Kh7 50. Qc7 Kg7 51. Kd2 Kf8 52. Kc3 Qf3+ 53.
Kb4 Qf7 54. Qd8+ Kg7 55. Qc7 Kf8 56. Qd8+ Kg7 57. Ka5 Qf8 58. Qc7+ Qf7 59. h4
gxh4 60. gxh4 Kf8 61. Qd8+ Kg7 62. g5 hxg5 63. Qxg5+ Qg6 64. Qe7+ Qf7 65. Qc7
Kf8 66. h5 d4 67. h6 Qg8 68. Qb8+ Kf7 69. Qxb7+ Kg6 70. Qg2+ Kh7 71. Qxg8+ Kxg8
72. Kb4 1-0

[Event "New Zealand Open Ch'p 2015"]
[Site "Devonport, Auckland"]
[Date "2015.01.06"]
[Round "6.27"]
[White "Cooper, Nigel M"]
[Black "Macdonald, Paul"]
[Result "0-1"]
[WhiteElo "1714"]
[BlackElo "1983"]
[PlyCount "96"]
[EventDate "2015.01.01"]
[EventType "swiss"]
[EventRounds "9"]
[SourceDate "2015.01.01"]

1. d4 d6 2. Bg5 g6 3. e3 Bg7 4. f4 Nf6 5. Be2 c5 6. c3 Nbd7 7. Nd2 Rb8 8. Bf3
b5 9. Ne4 Nxe4 10. Bxe4 Qc7 11. Nf3 b4 12. O-O O-O 13. Qd2 Nf6 14. Bd3 Bg4 15.
Rac1 bxc3 16. bxc3 c4 17. Bb1 d5 18. Ne5 Bf5 19. Bxf5 gxf5 20. Qc2 Ne4 21. Bh4
f6 22. Nf3 Qa5 23. Nd2 Qa3 24. Nxe4 Rb2 25. Qd1 fxe4 26. Rf2 Rfb8 27. Rxb2 Rxb2
28. Rc2 Qxa2 29. Rxb2 Qxb2 30. Qg4 Qc1+ 31. Kf2 Qd2+ 32. Kf1 Qd3+ 33. Kf2 Qd2+
34. Kf1 Qxe3 35. Qe6+ Kf8 36. f5 Qf4+ 37. Ke2 Qd6 38. Qc8+ Kf7 39. Bg3 Qb6 40.
Bf4 a5 41. Bc7 Qb2+ 42. Kf1 Qc1+ 43. Ke2 Qc2+ 44. Ke1 Qxc3+ 45. Ke2 Qd3+ 46.
Ke1 Bh6 47. Qe6+ Kf8 48. Bxa5 Qb1+ 0-1

[Event "New Zealand Open Ch'p 2015"]
[Site "Devonport, Auckland"]
[Date "2015.01.06"]
[Round "6.28"]
[White "Hair, Philip I"]
[Black "Yan, Caroline"]
[Result "1/2-1/2"]
[WhiteElo "1941"]
[BlackElo "1557"]
[PlyCount "85"]
[EventDate "2015.01.01"]
[EventType "swiss"]
[EventRounds "9"]
[SourceDate "2015.01.01"]

1. e4 e6 2. Qe2 Nf6 3. e5 Nd5 4. Nc3 Nxc3 5. dxc3 Nc6 6. g3 d6 7. exd6 Bxd6 8.
Bg2 Bd7 9. Nf3 Qe7 10. Be3 a6 11. Nd4 O-O 12. O-O Nxd4 13. cxd4 Rab8 14. c4 c5
15. dxc5 Bxc5 16. Bf4 Bd6 17. Bxd6 Qxd6 18. Rfd1 Qc7 19. Rac1 Bc6 20. Bxc6 Qxc6
21. c5 Rfd8 22. Rd2 Rd5 23. b4 Rbd8 24. Rxd5 Qxd5 25. Qc4 Qd4 26. Qxd4 Rxd4 27.
c6 bxc6 28. Rxc6 Kf8 29. a3 a5 30. b5 Rd5 31. b6 Rb5 32. Rc8+ Ke7 33. Rc7+ Kf6
34. b7 g6 35. f4 a4 36. g4 h6 37. h4 g5 38. hxg5+ hxg5 39. fxg5+ Kxg5 40. Rxf7
Kxg4 41. Kf2 Rb3 42. Ke2 e5 43. Kd2 1/2-1/2

[Event "New Zealand Open Ch'p 2015"]
[Site "Devonport, Auckland"]
[Date "2015.01.06"]
[Round "6.29"]
[White "Taylor, Richard"]
[Black "Li, William Xiang Wei"]
[Result "0-1"]
[WhiteElo "1871"]
[BlackElo "1935"]
[PlyCount "62"]
[EventDate "2015.01.01"]
[EventType "swiss"]
[EventRounds "9"]
[SourceDate "2015.01.01"]

1. e4 c5 2. Nf3 d6 3. d4 cxd4 4. Nxd4 Nf6 5. Nc3 a6 6. Bc4 e6 7. Bb3 b5 8. O-O
Be7 9. Qf3 Qc7 10. Re1 O-O 11. Qg3 Kh8 12. a3 Bd7 13. Bg5 Nc6 14. Nxc6 Bxc6 15.
Rad1 Rad8 16. f3 Bb7 17. Rd2 Rfe8 18. Qf2 Ng4 19. fxg4 Bxg5 20. Rde2 Qc5 21.
Kh1 Qxf2 22. Rxf2 Kg8 23. Ref1 Re7 24. Re2 Bf6 25. Rf3 Rc7 26. Rd3 Kf8 27. Kg1
Ke7 28. g3 Rdc8 29. Ree3 Bxc3 30. bxc3 Rc5 31. e5 dxe5 0-1